000
00322nam a22001337a 4500
020
_a
817826169-3
082
_a
823
_b
DOY/A
100
_a
ARTHUR CONAN DOYLE
245
_a
THE ADVENTURES OF SHERLOCK HOLMES
260
_a
DELHI
_b
ROHAN BOOK COMPANY
_c
2003
300
_a
215
650
_a
MODERN ILLUSTRATED CLASSICS
942
_c
BK
999
_c
379
_d
379